La CONADEP treinta años después (Registro nro. 28315)
[ vista simple ]
| 000 -LEADER | |
|---|---|
| fixed length control field | 00314 a2200109 4500 |
| 001 - CONTROL NUMBER | |
| control field | ART_22280 |
| 005 - DATE AND TIME OF LATEST TRANSACTION | |
| control field | 20260410161928.0 |
| 008 - FIXED-LENGTH DATA ELEMENTS--GENERAL INFORMATION | |
| fixed length control field | 260409a |
| 100 1# - MAIN ENTRY--PERSONAL NAME | |
| Personal name | Crenzel, Emilio |
| 245 10 - TITLE STATEMENT | |
| Title | La CONADEP treinta años después |
| 773 0# - HOST ITEM ENTRY | |
| Title | Derechos humanos |
| Related parts | - Año II, Nº 4 (nov. 2013) |
| Record control number | REV22278 |
No hay ítems disponibles.